| 000 | 00781nam a2200205 a 4500 | ||
|---|---|---|---|
| 001 | 000259509 | ||
| 003 | AM-YeHGA | ||
| 005 | 20250618071735.0 | ||
| 008 | 030908s2002 ai 000 | arm d | ||
| 020 | _a9993076074 | ||
| 040 | _aAM-YeHGA | ||
| 100 | 1 |
_aԲեյլերյան, Մհեր Հրաչյայի, _d1977- _93675 |
|
| 245 | 1 | 0 |
_aՎերջին օրը : _bՊատմվածքներ / _cՄ. Բեյլերյան; Խմբ. և առաջաբ.՝ Լ. Անանյան. |
| 260 |
_aԵրևան : _bՀԳՄ հրատ., _c2002. |
||
| 300 |
_a58 էջ : _b1 թ. դիմանկ. ; _c17 սմ. |
||
| 440 | 0 | _aՄուտք | |
| 650 | 1 | 4 |
_aՀայ գրականություն _xՊատմվածք |
| 700 | 1 |
_aԱնանյան, Լևոն Զաքարի, _d1946-2013 _eառաջաբ., խմբ. _4aui _4edt _92144 |
|
| 090 | _c95009 | ||
| 999 |
_c93709 _d93709 |
||